Fundamentals of classical and statistical thermodynamics / (Record no. 29903)
[ view plain ]
| 000 -LEADER | |
|---|---|
| fixed length control field | 00449 a2200157 4500 |
| 003 - CONTROL NUMBER IDENTIFIER | |
| control field | NUST |
| 005 - DATE AND TIME OF LATEST TRANSACTION | |
| control field | 20180118122556.0 |
| 008 - FIXED-LENGTH DATA ELEMENTS--GENERAL INFORMATION | |
| fixed length control field | 180118b xxu||||| |||| 00| 0 eng d |
| 020 ## - INTERNATIONAL STANDARD BOOK NUMBER | |
| International Standard Book Number | 0470843160 |
| 020 ## - INTERNATIONAL STANDARD BOOK NUMBER | |
| International Standard Book Number | 9780470843161 |
| 082 04 - DEWEY DECIMAL CLASSIFICATION NUMBER | |
| Classification number | 536.7 |
| 100 1# - MAIN ENTRY--PERSONAL NAME | |
| Personal name | Roy, Bimalendu Narayan. |
| 9 (RLIN) | 8714 |
| 245 10 - TITLE STATEMENT | |
| Title | Fundamentals of classical and statistical thermodynamics / |
| Statement of responsibility, etc. | Bimalendu Narayan Roy. |
| 260 ## - PUBLICATION, DISTRIBUTION, ETC. | |
| Place of publication, distribution, etc. | [S.l.] : |
| Name of publisher, distributor, etc. | Wiley, |
| Date of publication, distribution, etc. | 2002. |
| 300 ## - PHYSICAL DESCRIPTION | |
| Extent | 768 p. ; |
| Dimensions | 25 cm. |
| 700 ## - ADDED ENTRY--PERSONAL NAME | |
| Personal name | Roy, Bimalendu Narayan. |
| 9 (RLIN) | 8714 |
| 942 ## - ADDED ENTRY ELEMENTS (KOHA) | |
| Institution code [OBSOLETE] | SNS |
| Koha item type | Book |
| Call number prefix | 536.7 ROY |
| Source of classification or shelving scheme | |
| Withdrawn status | Lost status | Damaged status | Not for loan | Permanent Location | Current Location | Date acquired | Total Checkouts | Full call number | Barcode | Date last seen | Price effective from | Koha item type | Source of classification or shelving scheme | Shelving location | Date last checked out |
|---|---|---|---|---|---|---|---|---|---|---|---|---|---|---|---|
| School of Natural Sciences (SNS) | School of Natural Sciences (SNS) | 05/26/2016 | 536.7 ROY | SNS0001328 | 05/26/2016 | 05/26/2016 | Book | ||||||||
| Not For Loan | School of Natural Sciences (SNS) | School of Natural Sciences (SNS) | 05/26/2016 | 536.7 ROY | SNS0001329 | 10/31/2022 | 05/26/2016 | Book | Reference | ||||||
| School of Natural Sciences (SNS) | School of Natural Sciences (SNS) | 05/26/2016 | 3 | 536.7 ROY | SNS0001464 | 06/06/2023 | 05/26/2016 | Book | 04/03/2023 |
